[Event "41. Olympiad Tromso 2014 Open"]
[Site "TromsøÂ¸"]
[Date "2014.08.12"]
[Round "10"]
[White "Ivanchuk, Vassily"]
[Black "Mamedyarov, Shakhriyar"]
[Result "0-1"]
[WhiteElo "2744"]
[BlackElo "2743"]
[EventDate "2014.??.??"]
[Annotator "Marin, Mihail"]
[PlyCount "50"]
[EventCountry "NOR"]
[WhiteTeam "Ukraine"]
[BlackTeam "Azerbaijan"]
[WhiteTeamCountry "UKR"]
[BlackTeamCountry "AZE"]

1. d4 d5 2. c4 c6 3. Nf3 Nf6 4. e3 Bg4 5. cxd5 cxd5 6. Qb3 Qc7 {A modern 
hybrid of the Exchange Variation. White's queen's bishop did not make it 
outside the area restricted by the central chain and the main question is 
whether it will become active via d2-b4.} 7. Bb5+ {A rare move.} ( {The 
main continuation is} 7. Nc3 ) 7. ... Nbd7 8. Nc3 Bxf3 9. gxf3 a6 10. 
Bxd7+ Qxd7 {In his fight for the initiative, White has made an important 
strategic concession, the chronic weakening of the kingside. This is a 
risky approach, since in positions with symmetrical structures initiative 
rarely is a telling factor. Usually, the importance of static factors 
prevails.} 11. Na4 {The only logical follow-up of the previous moves.} 
11. ... Qb5 12. Qxb5+ axb5 13. Nc5 {[#]} 13. ... e5! {A dynamic 
continuation, aiming for rapid development rather than maintaining the 
material equality.} ( {Ivanchuk might have counted on} 13. ... b6 14. Nd3 
e6 15. Bd2 {when the weakness of the double b-pawns and the excelent 
blocking b4-square would yield him pleasant play.} ) 14. Nxb7 {Consequent 
and risky at the same time.} ( {The simplifying continuation} 14. dxe5 
Bxc5 15. exf6 gxf6 16. Ke2 Ke7 {would be safer. Black's activity 
compensates for his numerous pawn weaknesses and a draw is the most 
probable result.} ) 14. ... exd4 15. exd4 {[#] Black's main achievement 
over the past moves is isolating the whte double pawns. The inevitable 
exchange Nc5, ... Bxc5 will leave him with a versatile knight versus a 
rather ineffective bishop.} 15. ... Kd7 16. Rg1 g6 17. Bg5 Nh5 18. Kd2 Ra7
19. Nc5+ Bxc5 20. dxc5 Rha8 21. a3 Kc6 22. Rg4 Ng7 23. Rd1 Ne6 {Black was 
in no hurry to retrieve the material, since the c5-pawn is the best 
defender of the black king (please refer to ...a3+, Ka2! from 
Carlsen-Solak and ...hxg3, h3 from Mmedyarov-Jobava, published in previous
articles).} 24. Be3? {Not a fortunate square for the bishop.} ( {Despite 
his strategic problems, White would have retained chances for equality 
with} 24. Bf6 {for instance} 24. ... Ra4 25. Rb4 Kxc5 26. Be7+! {Ensuring 
the rook's stability on b4.} 26. ... Kb6 27. Rc1 Re8 28. Bd6 {The bishop 
cannot be chased away from the a3-f8 diagonal.} ) 24. ... Ra4 25. Kc3? {
The decisive mistake.} ( {It is also true that after} 25. Rxa4 Rxa4 {Black
would have a clear advantage and a pleasant choice of plans based on ... 
d5-d4 and/or ...Rh4.} ) 25. ... d4+! ( 25. ... d4+ {White wins material:} 
26. Rgxd4 ( 26. Bxd4 {loses the bishop to} 26. ... Rc4+ 27. Kb3 Rd8 ) 
26. ... Nxd4 {White needs to exchange his remaining rook, reaching a lost 
ending. Keeping the rook on board would ocne again create a decisive pin:}
27. Bxd4 Rc4+ 28. Kd3 ( 28. Kb3 Rd8 ) 28. ... Rxd4+! 29. Kxd4 Rd8+ ) 0-1

[Event "41. Olympiad Tromso 2014 Open"]
[Site "TromsøÂ¸"]
[Date "2014.08.12"]
[Round "10"]
[White "Eljanov, Pavel"]
[Black "Mamedov, Rauf"]
[Result "1-0"]
[WhiteElo "2723"]
[BlackElo "2659"]
[EventDate "2014.??.??"]
[Annotator "Marin, Mihail"]
[PlyCount "57"]
[EventCountry "NOR"]
[WhiteTeam "Ukraine"]
[BlackTeam "Azerbaijan"]
[WhiteTeamCountry "UKR"]
[BlackTeamCountry "AZE"]

1. d4 d5 2. c4 c6 3. cxd5 cxd5 4. Bf4 Nc6 5. e3 Nf6 6. Nc3 Bf5 7. Rc1!? {
Both sides' main idea is to create a weakness on c3/c6 by developing the 
king's bishop to b5/b4. From this point of view, the last move makes 
sense, consolidating the c3-square and preparing to set up pressure along 
the c-file.} ( {The natural continuation is} 7. Nf3 e6 8. Bb5 {There is an
instructive story regarding this line. When preparing for the 11th game of
his return match with Botvinnik, Tal decided that an easy draw would be 
most welcome, allowing him to recover from the unfavourable course of 
events. He played the Slav, an opening which did not make part of his 
rpeertoire, expecting Botvinnik to take on d5, leading to "dull equality".
His expectations were fulfilled only partially, though. Botvinnik played 
the Exchange variation, indeed, but the result was other than intended:} 
8. ... Bb4 9. Ne5 Qa5 10. Bxc6+ bxc6 11. O-O Bxc3 12. bxc3 Qxc3 {Black is 
the first to eliminate the opponent's weak pawn on the c-file, but this is
hardly an achievement. The reader should compare this situation with the 
...Nxc3/Nxc6 issue from the previous game.} 13. Qc1 Qxc1 14. Rfxc1 O-O 15.
 f3 {Restricting Black's minor pieces.} 15. ... h6 16. Nxc6 Rfe8 17. a4 {
All White's pieces are more active than Black's and Botvinnik went on 
winning and increasing his lead in the match, Botvinnik-Tal, Moscow 1961} 
) 7. ... Qb6 8. Bb5 e6 9. Nf3 Bb4 10. O-O Bxc3 11. Bxc6+ bxc6 ( {Black 
cannot avoid getting a weaknes on c6. If} 11. ... Qxc6 12. Rxc3 {White 
would get the control of the only open file.} 12. ... Qb5 {Black needs 
defending the a4-e8 diagonal against Qa4+.} 13. Nh4! {Exchanging the 
bishop in order to get the c2-square for the queen.} 13. ... O-O 14. Nxf5 
exf5 15. Qc2 {Followed by Rc1 with rather one-sided play.} ) 12. bxc3 O-O 
{[#]} 13. Ne5 {An active move, useful for plans on either wing.} ( {Here, 
too, exchanging the bishop with} 13. Nh4 {makes sense. White would be able
to occupy the b-file, while Black would be not.} ) 13. ... Qa6?! {In a 
wider meaning, the decisive mistake after 17 minutes of thought and... as 
early as on move 13 in a supposedly dull variation!!} ( {Black should have
invested a tempo on ensuring the bishop's retreat to h7:} 13. ... h6! {
White would have had to switch to his queenside plan with} 14. c4 {, but 
Black would retain a defensible position.} 14. ... Rfc8 {Preparing 
...c6-c5.} 15. c5 Qb7 {White has more space, but after ...Nd7 Black could 
hope for gradually equalising.} ) 14. g4 Bg6 15. h4 {[#]In order to save 
his bishop, Black has to weaken his kingside structure rather badly.} 
15. ... h6 16. Nxg6 fxg6 17. f3 {Overdefending the g4-pawn and restricting
the knight.} 17. ... h5?! ( {It would have made sense to return with the 
queen into play with} 17. ... Qb7 {preparing to defend on f7. True, White 
would retain a huge advantage with} 18. Qc2 Qf7 19. Rb1 {followed by 
doubling rooks along the b-file. In the game, the queen will remain a mere
spectator on a6 until the bitter end.} ) 18. Qc2 Kh7 ( 18. ... hxg4 {also 
leads to a very strong attack after} 19. Qxg6 gxf3 20. Rxf3 {follwed by 
Be5, Rg3.} ) 19. Bd6 Rf7 20. Rf2 Rd7 ( {The g4-pawn is taboo:} 20. ... 
hxg4 21. h5 Nxh5 22. Rh2 ) 21. Be5! {The final touch. Black has no 
satisfactory defenge against Bxf6 followed by gxh5.} 21. ... Rf8 22. Bxf6 
Rxf6 23. gxh5 Kh6 24. hxg6 Rxg6+ 25. Rg2 Rxg2+ 26. Kxg2 {White has won a 
pawn while keeping strong kingisde threats.} 26. ... Rf7 27. Rg1 g6 28. 
Kh1 Rf6? ( 28. ... Rg7 {would have been more stubborn.} ) 29. h5! {Le coup
de grace.} ( 29. h5 {If} 29. ... gxh5 30. Qg2 {followed by mate.} ) 1-0

[Event "41. Olympiad Tromso 2014 Open"]
[Site "TromsøÂ¸"]
[Date "2014.08.12"]
[Round "10"]
[White "Dominguez Perez, Leinier"]
[Black "Jobava, Baadur"]
[Result "1/2-1/2"]
[WhiteElo "2760"]
[BlackElo "2713"]
[EventDate "2014.08.12"]
[Annotator "Marin, Mihail"]
[PlyCount "85"]
[EventCountry "NOR"]
[WhiteTeam "Cuba"]
[BlackTeam "Georgia"]
[WhiteTeamCountry "CUB"]
[BlackTeamCountry "GEO"]

1. e4 e6 2. d4 d5 3. Nc3 Nc6!? {Over the past few years, Jobava played 
this rare variation mainly in rapid and blitz games. Recently, he has used
it in two games at classical time rate, too.} 4. Nf3 {Dominguez seemed 
nevertheless surprised by his opponent's choice, since he invested nearly 
a quarter of an hour on this move. It is worth mentioning that most of 
Jobava's previous games with this line led to hair-rising complications, 
but against a technical player like Leinier the fight will run very 
smoothly.} 4. ... Nf6 5. exd5 {Without special preparation, this is the 
most natural reaction to Black's knight pressure in the centre.} 5. ... 
exd5 {[#]This is the first moment of perfect symmetry. It bears some 
similarity with the Petroff defence structure. The main question in such 
cases is for how long could Black maintain this situation and whether it 
is really safe to immitate Wite's moves endlessly.} 6. Bb5 Bb4 7. O-O {
Leinier castled after a 25 minute thought.} ( {He might have been tempted 
to break the symmetry with} 7. Ne5 {, when White's extra move would allow 
him deliver the first check if Black kept playing the corresponding moves.
He might have concluded, though, that Black would get enough compensation 
for the pawn after} 7. ... O-O {as played in Miles-Darga, Germany 1985} ) 
7. ... O-O 8. Bxc6 bxc6 9. Ne5 Bxc3 10. bxc3 Ne4 {[#] Five more moves have
passed and White has not managed to rid himself of the increasingly 
irritating symmetry.} 11. f3 {Not even this forcing move was able to stop 
Black from his immitating policy.} 11. ... f6! ( 11. ... Nxc3 {would be 
equivalent with releasing the tension, allowing White to take over the 
initiative.} 12. Qd3 Na4 13. Qa3 Nb6 14. Nxc6 Qd6 ( 14. ... Qe8 15. Qc5 {
leaves White with a dominating position.} ) 15. Qxd6 cxd6 16. Bf4 {Black 
loses one of his double pawns, although the opposite-coloured bishops 
allows him hoping for a draw.} ) 12. Ba3! {Finally a move that cannot be 
immitated anymore!} ( 12. fxe4 fxe5 {would be dead equal.} ) 12. ... Nd6 (
12. ... Ba6? {loses material since after} 13. fxe4 {the f6-pawn is pinned.
For instance:} 13. ... Bxf1 14. Nxc6 Qd7 15. Ne7+ Kh8 16. Qxf1 ) 13. Nxc6 
{White wins a pawn, but the same applies as on 11...Nxc3 examined above. 
The knight gets onto an unfavourable path and Black gets some time for 
developing, with satisfactory compensation.} 13. ... Qd7 14. Bxd6 cxd6!? {
[#]David Bronstein wrote that he enjoyed playing with double pawns because
this meant having more open files for his rooks! By opening the c-file 
Jobava more or less ensures retrieving the c3-pawn.} 15. Nb4 Bb7 {Believe 
it or not, this "bad bishop" will end up dominating a White rook!} 16. Qd2
Rfc8 17. Rfe1 Qc7 18. Rab1 {A subtle move, developing the last piece with 
no obvious beneffit so far.} ( 18. Re3 {doesn't save the pawn due to} 
18. ... a5 19. Nd3 Qxc3 ) 18. ... Qxc3 {[#]} 19. Re8+?! {This spectacular 
move does not win material because the a8-rook is defended. In the ensuing
endgame Black will have little trouble maintaining equality.} ( {The 
critical continuation was the simple} 19. Qxc3 Rxc3 20. Re7 a5 ( {
Suddenly, the rook's presence on b1 mkes itself felt by preventing} 
20. ... Rb8? {due to} 21. Nxd5 {or 21.Na6.} ) 21. Rxb7 axb4 22. R1xb4 {And
now the rook becomes active along the b-file. White threatens the 
unpleasant rook doubling along the c-file, for instance} 22. ... Rxc2 23. 
Rd7 h5 24. Rbb7 g5 25. a4 {Pawns are equal, but Black's position is at 
least unpleasant.} ) 19. ... Kf7 20. Qxc3 Rxc3 21. Rxa8 Bxa8 22. Rb3 Rc4 
23. c3 a5 24. Nc2 Bc6 25. Ra3 {[#]} 25. ... a4! {The simplest. With his 
rook caged on a3, White cannot win even if he wins the exchange.} ( {But 
Black could also defend with} 25. ... Ra4 26. Rxa4 Bxa4 27. Ne3 Ke6 {when 
WHite would have no way to break the fortress.} ) 26. Nb4 ( 26. Ne3 {is 
similar to the game after, say,} 26. ... g5 ) 26. ... Be8 ( {Actually, 
Black would be out of danger even after} 26. ... g5 27. Nxc6 Rxc6 28. Rxa4
Rxc3 ) 27. Nxd5 Ke6 28. Nf4+ ( {Or lese} 28. Nb6 d5 ) 28. ... Kd7 29. Nd5 
Kc6! {The king hurries forward in order to consolidate the fortress on 
light squares.} 30. Ne3 Kb5 31. Nxc4 Kxc4 {The rest of the game was played
by pure inertia.} 32. Kf2 d5 33. Ke3 Bd7 34. h4 g6 35. Kd2 h6 36. Ke3 Be8 
37. g3 Bd7 38. Ke2 Be8 39. Kd2 Bc6 40. Ke3 Bd7 41. f4 f5 42. Kd2 h5 43. 
Ke3 1/2-1/2

[Event "41. Olympiad Tromso 2014 "]
[Site "TromsÅ™"]
[Date "2014.08.14"]
[Round "11"]
[White "Duda, Jan-Krzysztof"]
[Black "Yu, Yangyi"]
[Result "0-1"]
[WhiteElo "2576"]
[BlackElo "2668"]
[EventDate "2014.??.??"]
[PlyCount "116"]
[EventCountry "NOR"]
[WhiteTeam "Poland"]
[BlackTeam "China"]
[WhiteTeamCountry "POL"]
[BlackTeamCountry "CHN"]

1. e4 c5 2. Nf3 d6 3. d4 cxd4 4. Nxd4 Nf6 5. Nc3 a6 6. Be2 e5 7. Nb3 Be7 
8. Bg5 {MyÅ¡lenka je okamÅ¾itÄ› zabrat pole d5, dokud Ä�erný nestíhá Se6 a
Jbd7.} 8. ... Be6 ( {Po} 8. ... Nbd7 {by bílý donutil Ä�erného stÅ™elce 
jít na b7 a dále ho bude masírovat na dámském kÅ™ídle, napÅ™.:} 9. a4 b6 
10. O-O O-O 11. f3 Bb7 12. Qd2 h6 13. Be3 Rc8 14. Bd3 Qc7 15. Qf2 += ) 9. 
Bxf6 Bxf6 10. Qd3 O-O 11. O-O-O ( 11. O-O Be7 12. Nd5 Nc6 13. Rfd1 Rc8 14.
 c3 Bg5 {je jiný pÅ™íbÄ›h.} ) 11. ... Be7 12. Kb1 Nd7 13. Nd5 Bxd5 14. 
Qxd5 b5 15. Qb7 Nf6 16. f3 Re8 {Jedna z susÅ¡ích variant populárního 
Najdorfa. AÄ� hráÄ�i roÅ¡ovali na opaÄ�né strany, figur je tak málo, Å¾e 
hra má Ä�asto spíÅ¡e poziÄ�ní charakter. ÄŒerný nemá objektivnÄ› Å¾ádný 
problém, ale stejnÄ› tak ho nemá bílý. Pokud si jej ovÅ¡em nevytvoÅ™í...} 
17. c4? {Standardní poziÄ�ní myÅ¡lenka, ale zde se ukazuje, Å¾e je na ruku
jen Ä�ernému. Je aÅ¾ pÅ™ekvapující, jak rychle jde pozice bílého do kytek.
} ( {NormálnÄ› vypadá} 17. g4 ) ( {Ä�i} 17. Rd2 {s následujícím moÅ¾ným 
zajímavým prÅ¯bÄ›hem:} 17. ... d5!? 18. exd5 Bb4 19. c3 Re7 20. Qc6 Bd6 ~ 
{a typickou kompenzací za obÄ›tovaného pÄ›Å¡ce} ) 17. ... Bf8! {V koncovce
by postup c2-c4 byl nejspíÅ¡e dobrý nápad, ale jeÅ¡tÄ› poÅ™ád jsou tu 
dámy! ÄŒerný hrozí pomocí Ve8-e7-c7 pÅ™evést do otevírajícího se kÅ™ídla 
dalÅ¡í figuru.} 18. Qc6 Qb8 {Tak to pÅ¯jde pÅ™es c8.} 19. Na5 Qa7 ( 
19. ... Rc8 20. Qb7 {je koncovka, která by ospravedlnila c2-c4, na tu 
jeÅ¡tÄ› není správný Ä�as.} ) 20. c5 {Smutný tah, ale pozice bílého je 
jiÅ¾ po 20 tazích v podstatÄ› nehratelná, koncovka s pÄ›Å¡cem ménÄ› je 
nejspíÅ¡e jeÅ¡tÄ› nejnadÄ›jnÄ›jÅ¡í moÅ¾ností bílého. Tak krutá je 
sicilská - staÄ�í jedno zaÅ¡kobrtnutí a je konec.} ( 20. Qb7 Qf2 21. Bd3 
Reb8 22. Rhf1 Qc5 23. Qc6 Qb4 24. Nb3 Rc8 25. Qb7 Rab8 26. Qxa6 bxc4 -+ {
taky není moc pÄ›kný pohled.} ) 20. ... dxc5 21. Qb7 c4 22. Qxa7 Rxa7 23. 
Rc1?! {Nahrává na smeÄ�, bílý se jiÅ¾ zvednout nedokáÅ¾e.} ( {Å ance na 
remis dávalo blokádní} 23. b4! -/+ {, ale remíza je stále spíÅ¡e v Å™íÅ¡i 
snÅ¯.} ) 23. ... Rc7 {Kam s ním, kam s jezdcem? Hrozí ...Sb4.} 24. Nb3 Rd7
25. Na1 {Chudák kÅ¯Åˆ.} 25. ... Rd2 26. Rc2 Red8 27. b3 ( 27. Rhc1 R2d4 {
Vyrobili jsme bílému pÄ›kné skladiÅ¡tÄ› a teÄ� jezdec po trase 
Jf6-d7-c5-d3} ) ( {Ani tah druhým pÄ›Å¡cem uÅ¾ pozici nezachrání, Ä�erné 
figury jsou velmi silné.} 27. a4 R2d4 28. axb5 axb5 29. b3 Nd7 30. bxc4 
Nc5! {hopla!} 31. cxb5 Rb4+ 32. Kc1 Nb3+ 33. Nxb3 Rxb3 -+ ) 27. ... c3 28.
 a4 bxa4 29. Bxa6 a3 30. Bb5 h5 31. h4 g6 32. Re1 Bb4 33. Rec1 Kg7 {Není 
vÅ¯bec kam spÄ›chat.} 34. Ka2 Ng8 35. Rxd2 {NevydrÅ¾el, ale Ä�erný by 
jinak Å¡el ...f5, ...Jf6 a nachystal by si druhého volného pÄ›Å¡ce.} 
35. ... Rxd2+ 36. Rc2 Ne7 ( 36. ... f5! {bylo tvrdÅ¡í, ale Ä�erná pozice 
je vyhraná na více zpÅ¯sobÅ¯.} ) 37. Rxd2 cxd2 38. Be2 Nc6 39. Nc2 Nd4 40.
 Nxd4 exd4 -+ {Tady uÅ¾ to jde skoro dopoÄ�ítat do matu.} 41. f4 d3 42. 
Bf3 Kf6 {Bílý je naprosto bezbranný proti rozhodujícímu pochodu Ä�erného 
krále do svého týlu. ÄŒernopolný stÅ™elec vÅ¾dy zadrÅ¾í jakýkoliv pokus o 
volného pÄ›Å¡ce pomocí ...Sf8.} 43. g4 hxg4 44. Bxg4 Ke7 45. e5 Kd8 46. f5
gxf5 47. Bd1 Ke7 48. h5 Kf8 49. Bf3 Kg7 50. Bd1 Kh6 51. Bf3 Kg5 52. Bd1 f4
53. Kb1 Kf5 54. Bf3 Kxe5 55. Ka2 Bf8 56. h6 {Poslední záchvÄ›vy.} 56. ... 
Kf6 57. Bh5 Bb4 58. Kb1 f3 0-1

[Event "41. Olympiad Tromso 2014 "]
[Site "TromsÅ™"]
[Date "2014.08.14"]
[Round "11"]
[White "Nakhbayeva, Guliskhan"]
[Black "Havlikova, Kristyna"]
[Result "0-1"]
[WhiteElo "2336"]
[BlackElo "2215"]
[EventDate "2014.??.??"]
[PlyCount "68"]
[EventCountry "NOR"]
[WhiteTeam "Kasachstan"]
[BlackTeam "Tschechien"]
[WhiteTeamCountry "KAZ"]
[BlackTeamCountry "CZE"]

1. d4 Nf6 2. c4 g6 3. g3 Bg7 4. Bg2 d5 5. cxd5 Nxd5 6. e4 Nb6 7. Ne2 c5 8.
 d5 e6 9. Nbc3 exd5 10. Nxd5 Nxd5 11. exd5 O-O 12. O-O Bf5 13. Nc3 Qd7 14.
 Bf4 Na6 15. Qd2 Rfe8 16. Rfe1 Nb4 17. Ne4 Bxe4 18. Rxe4 Rxe4 19. Bxe4 Bd4
{Rozehrála se jedna z tabií Grünfeldovy indické, KazaÅ¡ská jedniÄ�ka mohla
podrÅ¾et dvojici stÅ™elcÅ¯ i malé plus po logickém 20. d6, nicménÄ› 
pÅ™iÅ¡lo více neÅ¾ podivné} 20. Be3?? {, po kterém bych se asi nejradÅ¡i 
na stranÄ› bílé rozplakal a vzdal.} 20. ... Bxe3 21. fxe3 Qd6 {Bílá pozice
je nezávidÄ›níhodná. VÅ¯bec nevím, co jí poradit - a3+b4 nejde, volný 
pÄ›Å¡ec nejde nikam, po Sg2 a e3-e4 zapláÄ�e bÄ›lopolný stÅ™elec. 20. Se3 
byl poziÄ�ní debakl. DÄ›sivé je, Å¾e KazaÅ¡ka na nÄ›j spotÅ™ebovala jen 
Ä�tyÅ™i minuty (z 57).} 22. Qg2 Re8 23. a3 Na6 24. Re1 c4 25. Bb1 Nc7 26. 
Rd1? {OkamÅ¾itÄ› ztrácí pÄ›Å¡ce a konÄ�í partii.} ( 26. Be4 -/+ {pÄ›Å¡ce 
neztrácí, ale dÄ›kuji, nechci.} ) 26. ... Rxe3 -+ 27. Qf2 Re5 28. Qxa7 b6!
{Dáma bude tÄ›Å¾ko hledat cestu domÅ¯.} 29. Qb7 Qc5+ 30. Kh1 Qf2 31. d6 
Re2 32. Qc8+ Ne8 33. Qh3 Nxd6 34. Qh4 {PÄ›kné a sympatické gesto, 
bezchybný výkon naÅ¡í hráÄ�ky.} 34. ... Qg2# 0-1